Manorama yearbook 2015. Ed.50 (Record no. 43168)

MARC details
000 -LEADER
fixed length control field 00299nam a2200121Ia 4500
020 ## - INTERNATIONAL STANDARD BOOK NUMBER
ISBN ISSN09752250
082 ## - DEWEY DECIMAL CLASSIFICATION NUMBER
Classification number 0582015
Item number MAN
245 #0 - TITLE STATEMENT
Title Manorama yearbook 2015. Ed.50
250 ## - EDITION STATEMENT
Edition statement 50
260 ## - PUBLICATION, DISTRIBUTION, ETC. (IMPRINT)
Place of publication Kottayam
Name of publisher Malayala Manorama;2015
942 ## - ADDED ENTRY ELEMENTS (KOHA)
Koha item type Books
Holdings
Withdrawn status Lost status Damaged status Not for loan Home library Current library Date acquired Cost, normal purchase price Full call number Accession Number Koha item type
        RRII Library RRII Library 16/12/2021 250.00 0582015 MAN 23434 Books